000
00468nam a2200181Ia 4500
008
090124s9999 xx 000 0 und d
082
_b
18652
100
_a
रानडे जयंत
245
_a
चरस
250
_a
1
260
_b
उदयदीप प्रकाशन
_c
1978
300
_a
155
600
_a
रानडे जयंत
630
_a
चरस
700
_a
रानडे जयंत
730
_a
चरस
942
_c
BOOK
999
_c
89648
_d
89648